Faculty of Law Library — Cairo University

Official Online Catalog

La Publicité Mensongère en Droit Français Et en Droit Fédéral Suisse : (Record no. 69930)

MARC details
000 -LEADER
fixed length control field 01203nam a2200313 i 4500
003 - CONTROL NUMBER IDENTIFIER
control field EG-GICUC
005 - DATE AND TIME OF LATEST TRANSACTION
control field 20260410111236.0
008 - FIXED-LENGTH DATA ELEMENTS--GENERAL INFORMATION
fixed length control field 260410s1971 Fr |||fr|||| 00| 0 fre d
040 ## - CATALOGING SOURCE
Original cataloging agency EG-GiCUC
Language of cataloging fre
Transcribing agency EG-GiCUC
Modifying agency EG-GiCUC
Description conventions Rda
082 04 - DEWEY DECIMAL CLASSIFICATION NUMBER
Edition number 21
Classification number 343.452
Item number GU . P
092 04 - LOCALLY ASSIGNED DEWEY CALL NUMBER (OCLC)
Edition number 21
099 ## - LOCAL FREE-TEXT CALL NUMBER (OCLC)
Classification number Law1 10 343.452 GU . P 1971
100 1# - MAIN ENTRY--PERSONAL NAME
Personal name Guinchard, Serge
Relator term Auteur
245 13 - TITLE STATEMENT
Title La Publicité Mensongère en Droit Français Et en Droit Fédéral Suisse :
Remainder of title Etude Comparative De L'autonomie Au Civil Et Au Pénal D'un Délit Économique /
Statement of responsibility, etc. Serge Guinchard, Préface De Albert Chavanne.
264 #1 - PRODUCTION, PUBLICATION, DISTRIBUTION, MANUFACTURE, AND COPYRIGHT NOTICE
Place of production, publication, distribution, manufacture Paris :
Name of producer, publisher, distributor, manufacturer Librairie Générale De Droit Et De Jurisprudence,
Date of production, publication, distribution, manufacture, or copyright notice 1971.
264 #3 - PRODUCTION, PUBLICATION, DISTRIBUTION, MANUFACTURE, AND COPYRIGHT NOTICE
Place of production, publication, distribution, manufacture France
300 ## - PHYSICAL DESCRIPTION
Extent 302 page ;
Dimensions 24 cm.
336 ## - CONTENT TYPE
Source rda contenu
Content type term texte
337 ## - MEDIA TYPE
Source rda medias
Media type term Ordinateur
338 ## - CARRIER TYPE
Source transporteur rda
Carrier type term Ressource en ligne
490 ## - SERIES STATEMENT
Series statement Bibliothèque De Sciences Criminelles;
Volume/sequential designation Tome Xiii
650 1# - SUBJECT ADDED ENTRY--TOPICAL TERM
Topical term or geographic name entry element Publicités Mensongères Et Trompeuses
Source of heading or term qrmak
650 1# - SUBJECT ADDED ENTRY--TOPICAL TERM
Topical term or geographic name entry element Droit De Pénal
Source of heading or term qrmak
651 1# - SUBJECT ADDED ENTRY--GEOGRAPHIC NAME
Source of heading or term qrmak
700 1# - ADDED ENTRY--PERSONAL NAME
Personal name Chavanne, Albert
Relator term Préfacier
856 40 - ELECTRONIC LOCATION AND ACCESS
Uniform Resource Identifier <a href="https://fll.law.cu.edu.eg/fulltext/bks/B10-08999.pdf">https://fll.law.cu.edu.eg/fulltext/bks/B10-08999.pdf</a>
905 ## - Cataloger and Reviser Names
Cataloger Name: Yasmin Sayed
942 ## - ADDED ENTRY ELEMENTS (KOHA)
Source of classification or shelving scheme Dewey Decimal Classification
Koha item type Books
Edition 21
Suppress in OPAC No
Holdings
Withdrawn status Lost status Source of classification or shelving scheme Damaged status Not for loan Collection Home library Current library Date acquired Total checkouts Full call number Barcode Date last seen Copy number Price effective from Koha item type
    Dewey Decimal Classification   Not for loan القانون الجنائي جــــامعة القــاهرة مكتبة كلية الحقوق - المبنى الرئيسي 10.04.2026   Law1 10 343.452 GU . P 1971 1008999 C1 B10-08999 10.04.2026 1 10.04.2026 Books
    Dewey Decimal Classification       جــــامعة القــاهرة مكتبة كلية الحقوق - المبنى الرئيسي 10.04.2026   Law1 10 343.452 GU . P 1971 1009000 C2 B10-09000 10.04.2026 2 10.04.2026 Books
    Dewey Decimal Classification     القانون الجنائي جــــامعة القــاهرة مكتبة كلية الحقوق - فـرع الشيخ زايد 23.04.2026   Law2 10 343.452 GU . P 1971 1008956 C3 B10-08956 23.04.2026   23.04.2026 Books

© All rights reserved — Faculty of Law, Cairo University